000 00818nam a2200241Ia 4500
003 GCL
008 140319s9999 xx 000 0 ara d
020 _a9336213977
040 _aGCL /
_cGCL
082 0 4 _a276.55
_bك ل
100 1 _aكيينر، س كريج
245 1 0 _aلنتزوج ثانية :
_bقضايا الطلاق والزواج /
_cكيينر، س كريج
250 _aالاولى
260 _aالقاهرة :
_bدار الثقافة
300 _a208 ص ؛
_c15 سم
650 0 4 _aالطلاق
650 0 4 _aالزواج - العادات والتقاليد
650 0 4 _aالمسيحية
650 0 4 _aالاسرة فى المسيحية
650 0 4 _aالمسيحية والمشاكل الاجتماعية
650 0 4 _aالاحوال الشخصية للمسيحين
942 _2ddc
_cBK
999 _c5367
_d5367